000 00609nam a2200193Ia 4500
003 GCL
008 140319s9999 xx 000 0 ara d
040 _aGCL /
_cGCL
082 0 4 _a953.107
_bم ا
100 1 _aمنذر الاسعد
245 1 0 _aاسرار مملكة الفاسى بداية ونهاية امبراطورية بالوثائق /
_cمنذر الاسعد
260 _a[S.N] :
_bدار شمس الحرية ،
_c1992
300 _a148 ص
490 _a
650 0 4 _aالاسلام
650 0 4 _aدفع المطاعن عن الاسلام
650 0 4 _aالسعودية
942 _2ddc
_cBK
999 _c31029
_d31029